Русское родство (Запись № 992091)

Подробности
000 -МАРКЕР
контрольное поле 03591nam0a2200385 4500
001 - ИДЕНТИФИКАТОР ЗАПИСИ
контрольное поле RU\NLR\bibl\1671504
005 - ИДЕНТИФИКАТОР ВЕРСИИ
контрольное поле 20250616044538.0
010 ## - МЕЖДУНАРОДНЫЙ СТАНДАРТНЫЙ НОМЕР КНИГИ (ISBN)
Номер (ISBN) 978-5-9765-0881-1
Уточнения Флинта
010 ## - МЕЖДУНАРОДНЫЙ СТАНДАРТНЫЙ НОМЕР КНИГИ (ISBN)
Номер (ISBN) 978-5-02-037233-7
Уточнения Наука
021 ## - НОМЕР ГОСУДАРСТВЕННОЙ РЕГИСТРАЦИИ
Код страны Российская Федерация
Номер 2010-59398
Номер Листа государственной регистраци 3889
035 ## - ДРУГИЕ СИСТЕМНЫЕ НОМЕРА
Идентификатор записи (nilc)LIBNET\0000097085
035 ## - ДРУГИЕ СИСТЕМНЫЕ НОМЕРА
Идентификатор записи (NLR Aleph) 001662761
100 ## - ДАННЫЕ ОБЩЕЙ ОБРАБОТКИ
Данные общей обработки 20110117d2010 |||y0rusy50 ca
101 0# - ЯЗЫК РЕСУРСА
Язык текста, звукозаписи и т.д. русский
102 ## - СТРАНА ПУБЛИКАЦИИ ИЛИ ПРОИЗВОДСТВА
Страна публикации Российская Федерация
105 ## - ПОЛЕ КОДИРОВАННЫХ ДАННЫХ: ТЕКСТОВЫЕ МАТЕРИАЛЫ, МОНОГРАФИЧЕСКИЕ
Кодированные данные о монографическом текстовом документе y |||||||||
200 1# - ЗАГЛАВИЕ И СВЕДЕНИЯ ОБ ОТВЕТСТВЕННОСТИ
Основное заглавие Русское родство
Сведения, относящиеся к заглавию прошлое и настоящее
Первые сведения об ответственности Б. Н. Казаченко
210 ## - ПУБЛИКАЦИЯ, РАСПРОСТРАНЕНИЕ И ДР.
Место издания, распространения и т.д. Москва
Имя издателя, распространителя и т. д. Флинта
-- Наука
Дата издания, распространения и т.д. 2010
215 ## - ФИЗИЧЕСКАЯ ХАРАКТЕРИСТИКА
Специфическое обозначение материала и объем 301, [1] с.
Другие сведения о физической характеристике ил., табл.
Размеры 21
320 ## - ПРИМЕЧАНИЯ О НАЛИЧИИ В ДОКУМЕНТЕ БИБЛИОГРАФИИ / УКАЗАТЕЛЯ
Текст примечания Библиогр. в конце кн. (171, 14 назв.)
330 ## - РЕЗЮМЕ ИЛИ РЕФЕРАТ
Текст примечания Эта книга о русском родстве. Первая ее часть является Сводом основополагающих сведений о семейно-родственных отношениях русского народа. Вторая часть = содержит полезную информацию о родстве. Третья часть книги призвана помочь русскоговорящему Человеку сориентироваться в терминологии русского родства. Оно всегда было настолько всеобъемлющим и многогранным, что постигать его можно лишь комплексно, чувствуя образ мышления предков.-
330 ## - РЕЗЮМЕ ИЛИ РЕФЕРАТ
-- ^^
Текст примечания В работе рассмотрены все виды естественного и фиктивного родства, а также происходящие из них термины семейно-родственных отношений. Эти родственные связи невидимыми нитями объединяли и роднили между собой всё народонаселение Отечества в истекшем тысячелетии. Очень хочется, чтобы они сохранялись в веках и способствовали отражению агрессивного натиска западной цивилизации. Книга снабжена множеством рисунков и схем родства, что превращает ее в уникальный справочник и удобное руководство, не имеющее себе аналогов.-
330 ## - РЕЗЮМЕ ИЛИ РЕФЕРАТ
-- ^^
Текст примечания Книга рассчитана на всех русскоговорящих людей, проявляющих интерес к истории своей семьи, истории своего Рода. Она будет полезна всем: от домохозяйки до президента, а также всем православным христианам, готовящимся к вступлению в брак
606 1# - НАИМЕНОВАНИЕ ТЕМЫ КАК ПРЕДМЕТ
Наименование темы Русские
Тематический подзаголовок Родство
-- Системы
Системный номер авторитетной/нормативной записи 2614563
Идентификатор авторитетной/нормативной записи RU\NLR\auth\661551121
686 ## - ИНДЕКСЫ ДРУГИХ КЛАССИФИКАЦИЙ
Индекс 60.561.52
Издание LBC/M
Код системы
686 ## - ИНДЕКСЫ ДРУГИХ КЛАССИФИКАЦИЙ
Индекс 63.521(=411.2)-53
Издание LBC/M
Код системы
686 ## - ИНДЕКСЫ ДРУГИХ КЛАССИФИКАЦИЙ
Индекс Т3(2)0-2
686 ## - ИНДЕКСЫ ДРУГИХ КЛАССИФИКАЦИЙ
Индекс Т52(2=Р)-5
700 #1 - ИМЯ ЛИЦА - ПЕРВИЧНАЯ ОТВЕТСТВЕННОСТЬ
Код отношения Автор
Графика поля Кириллица
Материалы, к которым относится поле rus
Начальный элемент ввода Казаченко
Часть имени, кроме начального элемента ввода Б. Н.
Даты 1949-
Расширение инициалов личного имени Борис Николаевич
Системный номер авторитетной/нормативной записи 186578
Идентификатор авторитетной/нормативной записи RU\NLR\AUTH\770186629
801 #0 - ИСТОЧНИК ЗАПИСИ
Страна Российская Федерация
Организация Мурманская ГОУНБ
Дата составления 20110117
Правила каталогизации rcr
801 #1 - ИСТОЧНИК ЗАПИСИ
Страна Российская Федерация
Организация Мурманская ГОУНБ
Дата составления 20110117
Правила каталогизации rcr
Источник данных rusmarc
801 #2 - ИСТОЧНИК ЗАПИСИ
Страна Российская Федерация
Организация NLR
Дата составления 20100906
Правила каталогизации rcr
942 ## - ДОПОЛНИТЕЛЬНЫЕ ЭЛЕМЕНТЫ ЗАПИСИ (АБИС)
Тип экземпляра АБИС Книга
980 ## - КОЛЛЕКЦИЯ
Название коллекции Национальная библиография
Экземпляры
Тип экземпляра Дата поступления Источник поступления Библиотека постоянного хранения Библиотека текущего хранения Место хранения Шифр хранения Штрих-код Статус экземпляра
Книга 06.09.2010 Обязательный экземпляр РНБ (Московский) РНБ (Московский) Русский книжный фонд: издания с 1957 года 2010-3/29620 3242881  
Книга 06.09.2010 Обязательный экземпляр РНБ (Московский) РНБ (Московский) Русский книжный фонд: издания с 1957 года 2010-3/29620 3242882